000 00627nam a2200217 a 4500
001 56497
003 BD-RjUL
005 20211209080414.0
008 161129r19931990ii ||||| |||| 00| 0 eng d
035 _a(BD-RjUL) 56621
040 _aBD-RjUL
_beng
_cBD-RjUL
041 _aeng
082 _223
_a537
_bTEE 1993
100 _aTewari, K K
_9168027
245 _aElectricity and magnetism with electronics /
_cK K Tewari
250 _a2nd ed.
260 _aNew Delhi ;
_aRam Nagar :
_bS. Chand,
_c1990 [Reprinted 1993]
300 _axvi, 933 p. :
_b illustrations ;
_c21 cm
650 _aElectricity.
_9168028
942 _2ddc
_cBK
999 _c56497
_d56497